[Event "DEN-chB"]
[Site "Esbjerg"]
[Date "1997.??.??"]
[Round "5"]
[White "Christiansen, Jens Jorgen"]
[Black "Holmsgaard, Henrik"]
[Result "1/2-1/2"]
[WhiteElo "2245"]
[BlackElo "2315"]

1.d4 d5 2.c4 c6 3.Nc3 Nf6 4.Nf3 e6 5.e3 Nbd7 6.Qc2 Bd6 7.Bd3 O-O 8.O-O dxc4
9.Bxc4 Qe7 10.e4 e5 11.Be3 exd4 12.Bxd4 Ne5 13.Nxe5 Bxe5 14.Bxe5 Qxe5 15.Be2 Re8
16.Rad1 b5 17.b4 a5 18.f4 Qe7 19.e5 axb4 20.Nxb5 cxb5 21.exf6 Qxf6 22.Bf3 Rb8
23.Qc6 Be6 24.Qd6 Bc4 25.Qxf6 gxf6 26.Rf2 Re3 27.Rb2 b3 28.Kf2 Rxf3+ 29.Kxf3 bxa2
30.Ra1 b4 31.Raxa2 Bxa2 32.Rxa2 b3 33.Rb2 Kf8 34.Ke4 Ke7 35.Kd5 Kd7 36.Kc4 Ke6
37.g4 f5 38.g5 f6 39.gxf6 Kxf6 40.Rxb3 Rxb3 41.Kxb3 Kg6 42.Kc4 Kh5 43.Kd5 Kg4
44.Ke5 h5 45.h3+ Kxh3 46.Kxf5 h4 47.Ke6  1/2-1/2

[Event "Essen op"]
[Site "Essen"]
[Date "1997.??.??"]
[Round "5"]
[White "Dinstuhl, Volkmar"]
[Black "Schroeder, Wilfried"]
[Result "1/2-1/2"]
[WhiteElo "2405"]
[BlackElo "2240"]

1.d4 d5 2.c4 e6 3.Nc3 c6 4.e3 Nf6 5.Nf3 Nbd7 6.Bd3 dxc4 7.Bxc4 b5 8.Be2 b4
9.Na4 Be7 10.O-O O-O 11.Qc2 Bb7 12.a3 bxa3 13.b3 Nd5 14.Bxa3 Nb4 15.Bxb4 Bxb4
16.Nc5 Nxc5 17.dxc5 Qe7 18.Rfc1 Rfd8 19.Ne5 Rd2 20.Qe4 a5 21.Bf3 Rd5 22.Qf4 f6
23.Nc4 Rxc5 24.Rd1 Rb5 25.Rd3 e5 26.Qg4 Bc8 27.Qh4 Bf5 28.Bxc6 Bxd3 29.Bxa8 Qd8
30.Rd1 Qxa8 31.Rxd3 Rd5 32.Qe4 Rd8 33.f3 Qb8 34.Rd5 Rxd5 35.Qxd5+ Kf8 36.h4 Qa7
37.Kh2 a4 38.bxa4 Qxa4 39.Nb6 Qa7 40.Qd8+ Kf7 41.Nd5 Bc5 42.Nc7 Qa4 43.Qd5+ Kg6
44.f4 Qa7 45.Qe4+ Kf7 46.Nd5 exf4 47.exf4 Qa1 48.Ne3  1/2-1/2

[Event "FIN-chT 9798 1div B"]
[Site "?"]
[Date "1997.??.??"]
[Round "2"]
[White "Henttinen, Markku IO"]
[Black "Van Linde, Paul"]
[Result "1-0"]
[WhiteElo "2285"]
[BlackElo "2120"]

1.d4 d5 2.c4 c6 3.Nf3 Nf6 4.Nc3 e6 5.e3 Nbd7 6.Bd3 dxc4 7.Bxc4 b5 8.Bd3 a6
9.e4 c5 10.e5 cxd4 11.Nxb5 Nxe5 12.Nxe5 axb5 13.O-O Qd5 14.Qe2 Rb8 15.Bg5 Be7
16.Rac1 O-O 17.Nc6 Rb7 18.f4 Bc5 19.Bxf6 gxf6 20.b4 Bb6 21.Qg4+ Kh8 22.Qh4  1-0

[Event "FRA-chT9697 groupe A"]
[Site "France"]
[Date "1997.??.??"]
[Round "5"]
[White "Eliet, Nicolas"]
[Black "Lumbroso, Philippe"]
[Result "1-0"]
[WhiteElo "2380"]
[BlackElo "2200"]

1.d4 d5 2.c4 e6 3.Nc3 c6 4.e3 Nf6 5.Nf3 Nbd7 6.Bd3 dxc4 7.Bxc4 b5 8.Bd3 Bb7
9.a3 a6 10.b4 a5 11.Rb1 axb4 12.axb4 Bd6 13.O-O Qe7 14.Bd2 O-O 15.Qb3 Rad8
16.h3 h6 17.Rfe1 g5 18.Ne2 Nh5 19.e4 e5 20.Bc3 Kh7 21.Ra1 Nf4 22.Nxf4 gxf4
23.Ra7 Rb8 24.Qb2 Rfe8 25.Bb1 Qf6 26.Ba2 Rg8 27.dxe5 Qg7 28.Kf1 Qxg2+ 29.Ke2 Rg3
30.Nd2 Re3+ 31.Kd1 Qxf2 32.Rf1 Qe2+ 33.Kc1 Rxc3+ 34.Qxc3 Nxe5 35.Ra3 Rg8
36.Bb1 Rg3 37.Qb2 Rxa3 38.Qxa3 Nc4 39.e5+ Kh8 40.Qd3 Qxd2+ 41.Qxd2 Nxd2 42.exd6  1-0

[Event "FRA-chT9697 groupe B"]
[Site "France"]
[Date "1997.??.??"]
[Round "5"]
[White "Heurtebize, Olivier"]
[Black "Flouzat, Jean Marc"]
[Result "0-1"]
[WhiteElo "2155"]
[BlackElo "2245"]

1.d4 d5 2.c4 c6 3.Nc3 Nf6 4.Nf3 e6 5.e3 Nbd7 6.g3 dxc4 7.Bxc4 b5 8.Bf1 Bb7
9.Bg2 b4 10.Ne2 c5 11.O-O c4 12.Re1 Be7 13.h3 O-O 14.g4 Qc7 15.Ng3 Ne4 16.Nxe4 Bxe4
17.Bf1 f5 18.Nd2 Bd5 19.e4 fxe4 20.Nxe4 Bh4 21.f4 Bxe1 22.Qxe1 Qb6 23.Qe3 Rad8
24.Ng3 Rf7 25.b3 c3 26.Bd3 Rdf8 27.Qf2 e5 28.Nf5 exd4 29.Nxd4 Nc5 30.Bc2 Ba8
31.Be3 Rxf4 32.Nf5 Ne6 33.Bxf4 Nxf4 34.Re1 Qh6 35.Ne3 Ng2 36.Qxg2 Bxg2 37.Kxg2 Rd8
38.Nc4 Qc6+ 39.Be4 Rd2+ 40.Kg3 Qc7+ 41.Kh4 Qd8+  0-1

[Event "FRA-chT9697 groupe A"]
[Site "France"]
[Date "1997.??.??"]
[Round "7"]
[White "Legky, Nikolay A"]
[Black "Beikert, Guenther"]
[Result "1/2-1/2"]
[WhiteElo "2535"]
[BlackElo "2435"]

1.d4 d5 2.c4 c6 3.Nf3 Nf6 4.Nc3 e6 5.e3 Nbd7 6.Bd3 a6 7.a4 Bb4 8.O-O O-O
9.Qb3 Ba5 10.Rd1 Qe7 11.Bd2 Bc7  1/2-1/2

[Event "FRA-chT9697 groupe B"]
[Site "France"]
[Date "1997.??.??"]
[Round "7"]
[White "Marzolo, Cyril"]
[Black "Neron de Surgy, Gilles"]
[Result "1-0"]
[WhiteElo "2280"]
[BlackElo "2210"]

1.d4 d5 2.c4 c6 3.Nc3 Nf6 4.e3 e6 5.Nf3 Nbd7 6.Qc2 Bd6 7.g4 Bb4 8.Bd3 b6
9.g5 dxc4 10.Bxc4 Nd5 11.Bd2 Bb7 12.h4 Qe7 13.Rh3 Nxc3 14.bxc3 Ba3 15.Rb1 O-O-O
16.Qb3 Bd6 17.a4 Rhe8 18.Qc2 e5 19.Qxh7 exd4 20.cxd4 c5 21.Qc2 Be4 22.Bd3 Qe6
23.Bxe4 Qxh3 24.a5 Kb8 25.axb6 Nxb6 26.Ba5 Rxe4 27.Qxe4 Kc7 28.Ne5 Bxe5 29.dxc5 Bc3+
30.Bxc3 Nd5 31.Ba5+ Kc8 32.Bxd8 Nc3 33.Qc6+ Kxd8 34.Rb8+  1-0

[Event "Chess Classics"]
[Site "Frankfurt"]
[Date "1997.??.??"]
[Round "4"]
[White "Karpov, Anatoly"]
[Black "Topalov, Veselin"]
[Result "1/2-1/2"]
[WhiteElo "2760"]
[BlackElo "2725"]

1.d4 d5 2.c4 c6 3.Nc3 Nf6 4.e3 e6 5.Nf3 Nbd7 6.Bd3 Bd6 7.O-O O-O 8.Qc2 dxc4
9.Bxc4 b5 10.Bd3 Bb7 11.Ne4 Nxe4 12.Bxe4 Nf6 13.Bd3 c5 14.dxc5 Bxc5 15.Bxb5 Rc8
16.Qe2 Ne4 17.Bd3 Qf6 18.Nd2 Nd6 19.e4 Qg6 20.g3 f5 21.e5 Ne4 22.Nxe4 fxe4
23.Bc2 Bd5 24.Bb3 Rf3 25.Be3 Bxe3 26.fxe3 Bxb3 27.axb3 Rcf8 28.Rfd1 Qg4 29.Rd2 h5
30.Kh1 Qh3 31.Rg1 Qf5 32.Ra1 Qxe5 33.Rxa7 h4 34.Rdd7 hxg3 35.Rxg7+ Qxg7 36.Rxg7+ Kxg7
37.Qc4 Rh8 38.Qxe6 Rf1+ 39.Kg2 gxh2 40.Qe7+ Rf7 41.Qe5+ Rf6 42.Kh1 Rh6 43.b4 Kg8
44.Qd5+ Kh8 45.Qd8+ Kg7 46.Qe7+ Rf7 47.Qe5+ Kg8 48.Qb5 Rg6 49.Qe8+ Kg7 50.Qe5+ Kg8
51.Qe8+ Kg7 52.Qe5+ Rff6 53.b5 Rg1+ 54.Kxh2 Rg6 55.b6 Rh6+ 56.Kg3 Rg6+ 57.Kh4 Rh6+  1/2-1/2

[Event "Frydek-Mistek op (Women)"]
[Site "Frydek-Mistek"]
[Date "1997.??.??"]
[Round "4"]
[White "Alexandrova, Olga"]
[Black "Gagloshvili, Raissa"]
[Result "1-0"]
[WhiteElo "2200"]
[BlackElo "2220"]

1.d4 d5 2.c4 c6 3.Nc3 Nf6 4.Nf3 e6 5.e3 Nbd7 6.Bd3 Bd6 7.e4 dxe4 8.Nxe4 Nxe4
9.Bxe4 Nf6 10.Bc2 h6 11.O-O O-O 12.Bd2 b6 13.Bc3 c5 14.Qe2 Bb7 15.Rad1 Qe7
16.Rfe1 cxd4 17.Rxd4 Bb4 18.Bxb4 Qxb4 19.Ne5 Qe7 20.Qd3 Rfd8 21.Rd1 Rxd4
22.Qxd4 Rc8 23.a3 Qc7 24.b4 Kf8 25.Ba4 Ke7 26.f3 Ne8 27.Qd7+ Kf8 28.Nxf7 Ba6
29.Qxc7 Nxc7 30.Rd7 Ne8 31.Rxa7 Bxc4 32.Bxe8  1-0

[Event "Frydek-Mistek op (Women)"]
[Site "Frydek-Mistek"]
[Date "1997.??.??"]
[Round "7"]
[White "Tolkachova, Vitalina"]
[Black "Gagloshvili, Raissa"]
[Result "1/2-1/2"]
[WhiteElo "2140"]
[BlackElo "2220"]

1.d4 d5 2.Nf3 Nf6 3.c4 c6 4.Nc3 e6 5.e3 Nbd7 6.Qc2 Bd6 7.Bd3 O-O 8.O-O e5
9.cxd5 cxd5 10.e4 exd4 11.Nxd5 h6 12.Nxd4 Nxd5 13.exd5 Nf6 14.Nf5 Bb8 15.d6 Bxf5
16.Bxf5 Bxd6 17.Rd1 Qe7 18.Be3 Rfe8 19.Rac1 b6 20.a4 Rad8 21.g3 Be5 22.Bd2 Nd5
23.b3 Qf6 24.Be1 Bb2 25.Rb1 Bd4 26.Be4 Rc8 27.Qd3 Nc3 28.Bxc3 Qxf2+ 29.Kh1 Bxc3
30.Rf1 Qd4 31.Qxd4 Bxd4 32.Bd5 Bf6 33.Bc4 Kf8 34.Rbd1 Red8 35.Kg2 Rc7 36.Rxd8+ Bxd8
37.Rd1 Bf6 38.g4 Be5 39.Rd5 f6 40.h4 Ke7 41.h5 Kf7 42.Rd7+ Ke8 43.Rxc7  1/2-1/2

[Event "Arnold mem"]
[Site "Gausdal"]
[Date "1997.??.??"]
[Round "2"]
[White "Groenn, Atle"]
[Black "Thorhallsson, Throstur"]
[Result "1/2-1/2"]
[WhiteElo "2310"]
[BlackElo "2510"]

1.Nf3 d5 2.d4 Nf6 3.c4 c6 4.Nc3 e6 5.e3 Nbd7 6.Qc2 Bd6 7.e4 dxe4 8.Nxe4 Nxe4
9.Qxe4 c5 10.Bd2 Nf6 11.Qd3 cxd4 12.Nxd4 O-O 13.Be2 a6 14.O-O-O Qc7 15.Nb3 Bd7
16.Bg5 Bf4+ 17.Bxf4 Qxf4+ 18.Qd2 Qe5 19.f4 Qc7 20.Kb1 Bc6 21.Bd3 Rfd8 22.Rhe1 Be4
23.Re3 Rxd3 24.Rxd3 Qxc4 25.Ka1 Bxd3 26.Qxd3 Qxd3 27.Rxd3 Nd5 28.f5 Rc8 29.Kb1 g6
30.Nd4 gxf5 31.Nxf5 Kf8 32.Nh6 Ke7 33.Nf5+ Kf8 34.Nh6 Rc4 35.Rf3 Rf4 36.Rxf4 Nxf4
37.g3 Nd5 38.Ng4 f5 39.Ne5 Ke7 40.Kc1 b6 41.Kd2 Kf6 42.Nd7+ Kg5 43.Ke2 h5
44.Kf3 h4 45.gxh4+ Kxh4 46.Nf8 Nc7 47.Kf4 Kh3 48.Nxe6 Nxe6+ 49.Kxf5 Nc5 50.Ke5 b5
51.Kd6 Na4 52.Kc6 b4 53.Kb7 Nc3 54.a3 a5 55.Kb6 a4 56.Ka5 bxa3 57.bxa3 Kxh2
58.Kb4 Nb1 59.Kxa4 Kg3 60.Kb3 Nxa3 61.Kxa3  1/2-1/2

[Event "Arnold mem"]
[Site "Gausdal"]
[Date "1997.??.??"]
[Round "3"]
[White "Ostenstad, Berge"]
[Black "Gausel, Einar"]
[Result "0-1"]
[WhiteElo "2465"]
[BlackElo "2540"]

1.d4 d5 2.c4 c6 3.Nc3 Nf6 4.e3 e6 5.Nf3 Nbd7 6.Qc2 Bd6 7.Be2 O-O 8.O-O Re8
9.b3 Qe7 10.Bb2 b6 11.e4 dxe4 12.Nxe4 Nxe4 13.Qxe4 Bb7 14.Rfe1 Rad8 15.h3 Nf8
16.Qc2 c5 17.dxc5 Bxc5 18.Qc3 f6 19.Red1 Ng6 20.Ne1 Nf4 21.Bf1 Ba8 22.Qg3 e5
23.Qg4 Rd6 24.Rxd6 Qxd6 25.Rd1 f5 26.Rxd6 fxg4 27.Rd7 g3 28.Nd3 gxf2+ 29.Kh2 Nxd3
30.Bxd3 Bc6 31.Rc7 Rd8 32.Bf1 Rd1  0-1

[Event "Arnold mem"]
[Site "Gausdal"]
[Date "1997.??.??"]
[Round "6"]
[White "Gausel, Einar"]
[Black "Behrhorst, Frank"]
[Result "1-0"]
[WhiteElo "2540"]
[BlackElo "2250"]

1.d4 d5 2.c4 c6 3.Nc3 Nf6 4.e3 e6 5.Nf3 Nbd7 6.Qc2 Be7 7.Bd3 dxc4 8.Bxc4 Qc7
9.O-O O-O 10.a3 c5 11.Ba2 a6 12.Rd1 cxd4 13.exd4 b5 14.Bg5 Bb7 15.Qe2 Nb6
16.Rac1 Qd6 17.Ne5 Rac8 18.Bf4 Nbd5 19.Nxd5 Nxd5 20.Bg3 Qd8 21.Nd3 Qb6 22.Be5 Rxc1
23.Rxc1 f6 24.Bg3 Qxd4 25.Qxe6+ Kh8 26.Bb1 Rd8 27.h4 h5 28.Qf5 Qg4 29.Nc5 Qxf5
30.Bxf5 Bxc5 31.Rxc5 Ne7 32.Be6 Rd1+ 33.Kh2 Bd5 34.Bh3 Nc6 35.Bd7 Ne7 36.Rc7 Kh7
37.Be8 Ng6 38.Ra7 Re1 39.Bd7 Re7 40.Rc7 Be6 41.Bc6 Rxc7 42.Bxc7 Ne7 43.Be8 Nd5
44.Ba5 g6 45.g3 Kg7 46.Bd8 b4 47.a4 Nc3 48.Bb6 Bf5 49.Bc5 Nd5 50.Bc6 Be6
51.Bb7 a5 52.Kg1 Kf7 53.Kf1 Ke8 54.Bc6+ Kd8 55.Ke2 Kc7 56.Be8 Bf5 57.Kd2 Nb6
58.Bb5 Nd5 59.Be8 Nb6 60.Bd4 Nd5 61.f3 Kd6 62.Bf7 Kc6 63.g4 hxg4 64.fxg4 Bxg4
65.Bxg6 Kd6 66.Bf7 Be6 67.Bxe6 Kxe6 68.Kd3 f5 69.Kc4 f4 70.h5 f3 71.h6 Nf6
72.Kd3 Kf5 73.Bxf6  1-0

[Event "BCF-chT2 97/98"]
[Site "GBR"]
[Date "1997.??.??"]
[Round "3"]
[White "Sands, David"]
[Black "Borg, Andrew"]
[Result "1/2-1/2"]
[WhiteElo "2255"]
[BlackElo "2135"]

1.d4 d5 2.c4 c6 3.Nc3 e6 4.e3 Nf6 5.Nf3 Nbd7 6.Qc2 Bd6 7.Be2 O-O 8.O-O Qc7
9.h3 dxc4 10.Bxc4 e5 11.Bd2 exd4 12.Nxd4 a6 13.Nf5 Bc5 14.Be2 Ba7 15.Ne7+ Kh8
16.Kh1 Re8 17.Nxc8 Raxc8 18.a4 Nc5 19.b4 Nce4 20.Nxe4  1/2-1/2

[Event "Geneve op"]
[Site "Geneve"]
[Date "1997.??.??"]
[Round "3"]
[White "Minnebo, Alain"]
[Black "Bennett, John"]
[Result "1/2-1/2"]
[WhiteElo "2280"]
[BlackElo "2160"]

1.Nf3 Nf6 2.c4 c6 3.d4 d5 4.Nc3 e6 5.e3 Nbd7 6.Qc2 Bd6 7.b3 O-O 8.Be2 e5
9.O-O a6 10.Bb2 Re8 11.Rad1 e4 12.Nd2 Nf8 13.f4 exf3 14.Rxf3 Bg4 15.Rxf6 Bxe2
16.Rxd6 Bxd1 17.Rxd8 Bxc2 18.Rxa8 Rxa8 19.cxd5 cxd5  1/2-1/2

[Event "Geneve op"]
[Site "Geneve"]
[Date "1997.??.??"]
[Round "5"]
[White "Lehtivaara, Petri"]
[Black "Pinski, Jan"]
[Result "1-0"]
[WhiteElo "2365"]
[BlackElo "2245"]

1.d4 d5 2.c4 c6 3.Nf3 Nf6 4.e3 e6 5.Nc3 Nbd7 6.Qc2 b6 7.Bd3 Bb7 8.O-O Qc7
9.Bd2 Be7 10.Rac1 Rc8 11.Rfe1 O-O 12.e4 dxc4 13.Bxc4 e5 14.Qb3 h6 15.Bf1 exd4
16.Nb5 Qd8 17.Nbxd4 c5 18.Nf5 Nxe4 19.Nxh6+ gxh6 20.Bxh6 Bf6 21.Bxf8 Qxf8
22.Rcd1 Rd8 23.Qa4 Nd6 24.Qg4+ Bg7 25.Nh4 Nf6 26.Qf4 Nd5 27.Qg3 Nf6 28.Bd3 c4
29.Bc2 Be4 30.Bxe4 Ndxe4 31.Qc7 Rc8 32.Qf4 Bh6 33.Qf3 Re8 34.Nf5 Bd2 35.Re2 Bb4
36.Rd4 Rd8 37.Rexe4 Bc5 38.Rxd8 Qxd8 39.Re1 Qd3 40.Ne3  1-0

[Event "Geneve op"]
[Site "Geneve"]
[Date "1997.??.??"]
[Round "5"]
[White "Hobuss, Udo"]
[Black "Buehler, Beat"]
[Result "1-0"]
[WhiteElo "2410"]
[BlackElo "2160"]

1.Nf3 Nf6 2.c4 e6 3.Nc3 d5 4.d4 c6 5.e3 Bd6 6.Bd3 Nbd7 7.O-O O-O 8.e4 dxc4
9.Bxc4 e5 10.Bg5 Qe7 11.Re1 Nb6 12.Be2 h6 13.Bh4 Nbd7 14.Qd2 Re8 15.Rad1 exd4
16.Nxd4 Nf8 17.Nf3 Be5 18.Nxe5 Qxe5 19.f4 Qc5+ 20.Bf2 Qe7 21.h3 N6d7 22.e5 Nb6
23.Ne4 Be6 24.Nd6 Red8 25.b3 Bd5 26.Bd3 Nc8 27.Nf5 Qc7 28.Bh4 Re8 29.Nxg7 Kxg7
30.Bf6+ Kg8 31.f5 Kh7 32.Bg7 Ng6 33.Qxh6+ Kg8 34.Bf6  1-0

[Event "Geneve op"]
[Site "Geneve"]
[Date "1997.??.??"]
[Round "6"]
[White "Bennett, John"]
[Black "Lukasiewicz, Grzegorz"]
[Result "0-1"]
[WhiteElo "2160"]
[BlackElo "2390"]

1.d4 d5 2.c4 c6 3.Nf3 Nf6 4.Nc3 e6 5.e3 Nbd7 6.Bd3 dxc4 7.Bxc4 b5 8.Be2 Bb7
9.e4 b4 10.e5 bxc3 11.exf6 Nxf6 12.bxc3 Bd6 13.Nd2 O-O 14.Nc4 Be7 15.Rb1 Qc7
16.O-O c5 17.Bf4 Qxf4 18.Rxb7 Nd5 19.g3 Qf6 20.Qd3 cxd4 21.cxd4 Rfd8 22.Ne5 Rac8
23.Rxa7 Nc3 24.Bf3 Bc5 25.Qxc3 Bxa7 26.Qxc8 Rxc8  0-1

[Event "Geneve op"]
[Site "Geneve"]
[Date "1997.??.??"]
[Round "8"]
[White "Buehler, Beat"]
[Black "Palat, Andre"]
[Result "1-0"]
[WhiteElo "2160"]
[BlackElo "2275"]

1.d4 d5 2.Nf3 e6 3.c4 c6 4.e3 Nf6 5.Nc3 dxc4 6.Bxc4 b5 7.Bd3 a6 8.a4 b4 9.Ne4 Nbd7
10.O-O Bb7 11.Nxf6+ Nxf6 12.Qc2 Rc8 13.Qe2 a5 14.b3 Be7 15.Bb2 O-O 16.Rfd1 Nd5
17.Ba6 Qb6 18.Bxb7 Qxb7 19.Rac1 Rc7 20.Ne5 Rfc8 21.Qf3 Bf6 22.Nc4 Qa6 23.h3 c5
24.e4 Ne7 25.d5 Bxb2 26.Nxb2 exd5 27.exd5 Rd8 28.d6 Rxd6 29.Rxd6 Qxd6 30.Rd1  1-0

[Event "Geneve op"]
[Site "Geneve"]
[Date "1997.??.??"]
[Round "8"]
[White "Epishin, Vladimir"]
[Black "Hernando Pertierra, Jose C"]
[Result "1-0"]
[WhiteElo "2600"]
[BlackElo "2400"]

1.d4 c6 2.c4 d5 3.Nc3 Nf6 4.Nf3 e6 5.e3 Nbd7 6.Qc2 Bd6 7.Bd3 dxc4 8.Bxc4 O-O
9.O-O a6 10.Rd1 Qe7 11.e4 e5 12.h3 b5 13.Bd3 c5 14.d5 c4 15.Bf1 Rb8 16.Be3 Rd8
17.b3 b4 18.Ne2 c3 19.a3 Nc5 20.Bxc5 Bxc5 21.axb4 Bxb4 22.Nxc3 Qc5 23.Rac1 Ba3
24.Nb1 Qxc2 25.Rxc2 Bd6 26.Nbd2 Rb4 27.Bd3 Bb7 28.Nc4 Bc7 29.Ncxe5 Bxe5 30.Nxe5 Nxe4
31.Nc6 Bxc6 32.dxc6 Rbd4 33.c7 Rc8 34.Rc4  1-0

[Event "Geneve op"]
[Site "Geneve"]
[Date "1997.??.??"]
[Round "9"]
[White "Arlandi, Ennio"]
[Black "Bennett, John"]
[Result "1-0"]
[WhiteElo "2470"]
[BlackElo "2160"]

1.d4 d5 2.c4 e6 3.Nc3 c6 4.e3 Nf6 5.Nf3 Nbd7 6.Qc2 Bd6 7.Bd3 O-O 8.O-O e5
9.cxd5 cxd5 10.e4 dxe4 11.Nxe4 Nxe4 12.Bxe4 h6 13.Be3 exd4 14.Bh7+ Kh8 15.Bxd4 Nf6
16.Bf5 Qa5 17.Bxc8 Raxc8 18.Qb3 b6 19.Bxf6 gxf6 20.Rad1 Rcd8 21.g3 Qb4 22.Qe3 Kh7
23.Rd4 Qc5 24.Qd3+ Kh8 25.Qd2 Kg7 26.Rg4+ Kh7 27.Rh4 h5 28.Qd3+ Kg7 29.Nd4 Bc7
30.b4 Qg5 31.Nf5+ Kg6 32.Ne7+ Kh6 33.Qc2 Bb8 34.f4  1-0

[Event "Bundesliga 9697"]
[Site "Germany"]
[Date "1997.??.??"]
[Round "?.5"]
[White "Klebel, Martin"]
[Black "Thesing, Matthias"]
[Result "1/2-1/2"]
[WhiteElo "2410"]
[BlackElo "2430"]

1.d4 d5 2.c4 e6 3.Nf3 Nf6 4.Nc3 c6 5.e3 Nbd7 6.Qc2 Bd6 7.Bd3 O-O 8.O-O e5
9.cxd5 cxd5 10.Nb5 Bb8 11.dxe5 Nxe5 12.Nxe5 Bxe5 13.f4 Bb8 14.b3 a6 15.Nd4 Re8
16.Qd2 Ne4 17.Qe2 Ba7 18.Bb2 Qh4 19.Rac1 Bg4 20.Qe1 Qxe1 21.Rfxe1 Rac8 22.h3 Bd7
23.Bxe4 dxe4 24.Kf2  1/2-1/2

[Event "Bundesliga 9697"]
[Site "Germany"]
[Date "1997.??.??"]
[Round "?.4"]
[White "Wells, Peter K"]
[Black "Kuczynski, Robert"]
[Result "0-1"]
[WhiteElo "2495"]
[BlackElo "2500"]

1.d4 d5 2.c4 c6 3.Nf3 Nf6 4.Nc3 e6 5.e3 Nbd7 6.Bd3 dxc4 7.Bxc4 b5 8.Bd3 a6
9.e4 c5 10.d5 c4 11.dxe6 fxe6 12.Bc2 Qc7 13.O-O Bb7 14.Nd4 Nc5 15.Be3 O-O-O
16.Qe2 e5 17.Nf3 Ne6 18.Rad1 Bc5 19.Nd5 Bxd5 20.exd5 Nd4 21.Bxd4 exd4 22.Nxd4 Bxd4
23.Rxd4 Rhe8 24.Qd2 Qe5 25.d6 Re6 26.Rd1 Kb7 27.h3 Rd7 28.a4 Kc6 29.axb5+ axb5
30.Qa5 Rdxd6 31.Qa6+ Kc7 32.Qa7+ Kd8 33.Bf5 Rxd4 34.Rxd4+ Rd6 35.Qb8+ Ke7
36.Qc7+ Nd7 37.Re4 Rd1+  0-1

[Event "Bundesliga 9798"]
[Site "Germany"]
[Date "1997.??.??"]
[Round "?.5"]
[White "Bischoff, Klaus"]
[Black "Pichler, Juergen"]
[Result "0-1"]
[WhiteElo "2535"]
[BlackElo "2395"]

1.c4 c6 2.Nf3 d5 3.e3 Nf6 4.Nc3 e6 5.d4 Nbd7 6.Qc2 Bd6 7.Be2 O-O 8.b3 Qe7
9.O-O b6 10.cxd5 exd5 11.Bb2 Bb7 12.Rfd1 Rfe8 13.Bf1 Nf8 14.g3 Ng6 15.Bg2 h5
16.Nd2 Bb4 17.a3 Bxc3 18.Bxc3 h4 19.Qb2 hxg3 20.hxg3 Ng4 21.Nf3 Qf6 22.Re1 Re6
23.a4 a5 24.b4 axb4 25.Qxb4 Ba6 26.Rad1 Qf5 27.Qb1 Qh5 28.Rd2 Rf6 29.Ree2 Rxf3  0-1

[Event "Bundesliga 9798"]
[Site "Germany"]
[Date "1997.??.??"]
[Round "?.4"]
[White "Boensch, Uwe"]
[Black "Baumegger, Siegfried"]
[Result "1-0"]
[WhiteElo "2540"]
[BlackElo "2485"]

1.d4 d5 2.c4 c6 3.e3 Nf6 4.Nc3 e6 5.Nf3 Nbd7 6.Bd3 dxc4 7.Bxc4 b5 8.Be2 Bb7
9.a3 a6 10.b4 a5 11.Rb1 axb4 12.axb4 Nd5 13.Nxd5 exd5 14.Ne5 Bd6 15.f4 f6
16.Nd3 O-O 17.O-O Re8 18.Qc2 Nb6 19.Nc5 Bc8 20.Bd3 f5 21.Bd2 Nc4 22.Ra1 Rxa1
23.Rxa1 Qe7 24.Qc1 g5 25.Ra8 gxf4 26.exf4 Qg7 27.Bc3 Qg4 28.g3 Qf3 29.Qf1 Qe3+
30.Kh1 Bd7 31.Ra2 Bxc5 32.Re2 Bxd4 33.Rxe3 Nxe3 34.Qa1 Nd1 35.Qxd1 Bxc3 36.Qc2 Bxb4
37.Bxf5 Bxf5 38.Qxf5 Bf8 39.Qd7 Re1+ 40.Kg2 Rc1 41.f5  1-0

[Event "BL2-W9798"]
[Site "Germany"]
[Date "1997.??.??"]
[Round "?.3"]
[White "Berresheim, Helmut"]
[Black "Fleck, Juergen"]
[Result "0-1"]
[WhiteElo "2225"]
[BlackElo "2375"]

1.d4 Nf6 2.c4 c6 3.Nc3 d5 4.e3 e6 5.Nf3 Nbd7 6.Bd3 dxc4 7.Bxc4 b5 8.Bd3 b4
9.Na4 c5 10.dxc5 Nxc5 11.Nxc5 Bxc5 12.O-O Bb7 13.Bb5+ Ke7 14.Qe2 Qb6 15.Bc4 Ne4
16.Ne5 Bd6 17.f4 Bxe5 18.fxe5 Qc5 19.b3 Qxe5 20.Bb2 Nc3 21.Qf2 f6 22.Rac1 Rad8
23.Qe1 Rd7 24.Bxc3 bxc3 25.Rxc3 Rhd8 26.Rc2 Be4 27.Rcf2 Qc5 28.Rf4 Bd3 29.Bxd3 Rxd3
30.R4f3 R8d5 31.Qg3 Rg5 32.Qb8 Rxe3 33.Qb7+ Ke8 34.Rxe3 Qxe3+ 35.Kh1 Qb6
36.Qc8+ Kf7 37.h3 Kg6 38.Qd7 Qe3 39.Qd1 Qe4 40.Qd2 Rg3 41.Kh2 Re3 42.Qf2 f5
43.Rc1 Kg5 44.Qd2 Qe5+ 45.Kg1 Kg6 46.Qd7 Re2 47.Kh1 Rxa2 48.Qe8+ Kh6 49.Qe7 Ra1
50.Rxa1 Qxa1+ 51.Kh2 Qe5+ 52.Kh1 a5 53.Qd8 Qe1+ 54.Kh2 f4 55.h4 Qg3+ 56.Kh1 g6
57.Qxa5 Qxh4+ 58.Kg1 Qg3 59.Qd2 g5 60.b4 Qb3 61.Qd4 Kg6 62.Qc5 g4 63.Kf1 Qd1+  0-1

[Event "BL2-W9798"]
[Site "Germany"]
[Date "1997.??.??"]
[Round "?.4"]
[White "Gawehns, Klaus"]
[Black "Kienast, Joerg"]
[Result "1-0"]
[WhiteElo "2410"]
[BlackElo "2205"]

1.d4 d5 2.Nf3 Nf6 3.c4 e6 4.Nc3 c6 5.e3 Nbd7 6.Qc2 Bd6 7.Be2 O-O 8.O-O Re8
9.Rd1 a6 10.e4 dxe4 11.Nxe4 Nxe4 12.Qxe4 Nf6 13.Qc2 Qc7 14.Bg5 Nd7 15.c5 Bf4
16.Bd3 h6 17.Bxf4 Qxf4 18.Re1 Nf6 19.Rad1 Qc7 20.Ne5 Nd5 21.a3 Rd8 22.Bh7+ Kh8
23.Be4 f6 24.Nc4 Bd7 25.Nd6 Rf8 26.Bxd5 cxd5 27.Qg6 Be8 28.Qg4 f5 29.Qf4 Rf6
30.Rd3 Kg8 31.Qe5 Bc6 32.h4 Qd7 33.Qf4 Kh7 34.h5 Rd8 35.Rde3 Rdf8 36.Rg3 Qd8
37.Rg6 Rxg6 38.hxg6+ Kxg6 39.Rxe6+ Kh7 40.b4 Rf6 41.Rxf6 Qxf6 42.Qxf5+ Qg6
43.f4 Qxf5 44.Nxf5 g5 45.fxg5 hxg5 46.Kf2 Bd7 47.Nd6 Bc6 48.Nf7 Kg6 49.Nd8 Kf5
50.Nxc6 bxc6 51.Kf3  1-0

[Event "BL2-W9798"]
[Site "Germany"]
[Date "1997.??.??"]
[Round "?.6"]
[White "Jackelen, Thomas"]
[Black "Neidhardt, Claus Ulrich"]
[Result "1/2-1/2"]
[WhiteElo "2370"]
[BlackElo "2410"]

1.Nf3 d5 2.c4 c6 3.e3 Nf6 4.Nc3 e6 5.d4 Nbd7 6.Qc2 Bd6 7.Bd3 O-O 8.O-O e5
9.cxd5 cxd5 10.e4 dxe4 11.Nxe4 Nxe4 12.Bxe4 h6 13.Be3 exd4 14.Bh7+ Kh8 15.Bxd4 Nf6
16.Bf5 Qa5 17.Bxc8 Raxc8 18.Qb3 Nd5 19.Rad1 Rfd8 20.Qxb7 Rc7 21.Qb3 Re7 22.g3 Nc7
23.Rd3 Ne6 24.Rfd1 Rb8 25.Qc2 Qxa2 26.Be3 Bc5 27.Ne5 Rbe8 28.Rd7 Kg8 29.Qf5 Rf8
30.Rxe7 Bxe7 31.Rd7 Bf6 32.Kg2 Qa6 33.h4 Bxe5 34.Qxe5 Re8 35.Qd5 Qa4 36.Kh2 Qc2
37.Qd2 Qa4 38.Qd5 Qc2 39.Qd2 Qa4  1/2-1/2

[Event "Bundesliga 9697"]
[Site "Germany"]
[Date "1997.??.??"]
[Round "?.6"]
[White "Pichler, Juergen"]
[Black "Mueller, Mat"]
[Result "1-0"]
[WhiteElo "2400"]
[BlackElo "2375"]

1.d4 d5 2.c4 e6 3.Nc3 c6 4.Nf3 Nf6 5.e3 Nbd7 6.Qc2 Bd6 7.Bd3 dxc4 8.Bxc4 O-O
9.O-O Qe7 10.a3 e5 11.h3 Bc7 12.Ba2 h6 13.Nh4 Re8 14.Nf5 Qf8 15.Bd2 a5 16.dxe5 Nxe5
17.f4 Bxf5 18.Qxf5 Rad8 19.fxe5 Rxe5 20.Qc2 Qd6 21.Rxf6 Qxf6 22.Rf1 Qd6 23.Rxf7 Kh8
24.Ne4 Rxe4 25.Qxe4 Qh2+ 26.Kf1  1-0

[Event "Bundesliga 9798"]
[Site "Germany"]
[Date "1997.??.??"]
[Round "?.1"]
[White "Dautov, Rustem"]
[Black "Votava, Jan"]
[Result "1/2-1/2"]
[WhiteElo "2595"]
[BlackElo "2515"]

1.d4 d5 2.c4 c6 3.Nf3 Nf6 4.Nc3 e6 5.e3 Nbd7 6.Qc2 Bd6 7.Be2 O-O 8.O-O Qe7
9.Rd1 dxc4 10.Bxc4 c5 11.dxc5 Bxc5 12.a3 a5 13.h3 Nb6 14.Bd3 h6 15.e4 e5
16.Bb5 Qc7 17.Na4 Nxa4 18.Bxa4 Qe7 19.Bd2 b6 20.Bc3 Bb7 21.Re1 Rac8 22.Nxe5 Bd4
23.Ng6 fxg6 24.Qb3+ Bd5 25.exd5 Bxf2+ 26.Kxf2 Qc5+ 27.Ke2 Nxd5 28.Kd3 Kh7
29.Rad1 Nxc3 30.bxc3 Rf2 31.Bd7 Qd6+ 32.Ke3 Qf4+ 33.Kd3 Qg3+ 34.Kd4 Rc5 35.Re4 Qd6+
36.Ke3 Qg3+  1/2-1/2

[Event "Bundesliga 9798"]
[Site "Germany"]
[Date "1997.??.??"]
[Round "?.5"]
[White "Stangl, Markus"]
[Black "Klebel, Martin"]
[Result "1/2-1/2"]
[WhiteElo "2530"]
[BlackElo "2410"]

1.Nf3 d5 2.d4 Nf6 3.c4 c6 4.Nc3 e6 5.e3 Nbd7 6.Qc2 Bd6 7.h3 O-O 8.g4 dxc4
9.Bxc4 b6 10.g5 Nd5 11.Bd2 Bb7 12.O-O-O Qc7 13.Kb1 a6 14.Bd3 g6 15.Ne4 Be7
16.h4 c5 17.Rc1 Rac8 18.Qd1 Qb8 19.h5 cxd4 20.hxg6 hxg6 21.Rxc8 Rxc8 22.Nxd4 Kg7
23.Ne2 Ne5 24.Bc2 Nf3 25.N2g3 Nxd2+ 26.Qxd2 Nb4 27.Rc1 Nxc2 28.Rxc2 e5 29.Qd7 Rxc2
30.Kxc2 Qc8+ 31.Qxc8 Bxc8 32.Kd3 Be6 33.b3 a5 34.Ne2 a4 35.bxa4 Bxa2 36.N2c3 Be6
37.f4 exf4 38.exf4 Ba3 39.Nf6 Bb3 40.Nd7 Bd6 41.Nxb6 Bxa4 42.Nbxa4 Bxf4 43.Ne4 Be5
44.Nac5 f5 45.Nf2 Kf7 46.Ke3 Ke7 47.Nh3 Kf7 48.Ng1 Bb2 49.Nf3 Bc1+ 50.Kd4 Bxg5
51.Nxg5+ Kf6 52.Nce6 f4 53.Ke4 f3 54.Kxf3 Ke5 55.Kg4 Kd6 56.Kf4 Kd5 57.Nd8 Kd4
58.Nc6+ Kd5 59.Ne5 Kd4 60.Nef3+ Kd3 61.Ke5 Ke3 62.Nd4 Kd3 63.Nde6 Kc3 64.Kd5 Kd3
65.Nc5+ Kc3 66.Na6 Kd3 67.Nb4+ Ke3 68.Ke5 Kf2 69.Kf4 Ke2 70.Nd5 Kd3 71.Ke5 Kc4
72.Nf4 Kc5 73.Nd3+ Kc4 74.Ke4 Kc3 75.Ne5 Kc2 76.Kd4 Kd2 77.Nc4+ Kc2 78.Nd6 Kd2
79.Nb5 Ke2 80.Ke4 Kd2 81.Nd6 Kc2 82.Ndf7 Kc3 83.Ne5 Kc2 84.Kd4 Kd2 85.Ng4 Kc2
86.Ne3+ Kb3 87.Nd5 Kb2 88.Ke3 Ka3 89.Kd3 Kb3 90.Nc7 Kb4 91.Kd4 Kb3 92.Nd5 Kb2
93.Kc4 Kc2 94.Nf4 Kd2 95.Kd4 Kc2 96.Nfh3 Kd2 97.Ng1 Kc2 98.N1f3 Kb3 99.Ne1 Ka3
100.Kc4 Kb2 101.Kd3 Ka3 102.Nc2+ Kb3 103.Ne3 Kb4 104.Kd4 Kb5 105.Kd5  1/2-1/2